000 00866nac a22002777a 4500
001 BR9700572
003 BR-BrBNA
005 20240105121841.0
008 230509b bl.|||m| |||| 00| 0 por d
040 _aBR-BrBNA
_bpor
_cBiblioteca Nacional de Agricultura
072 _aF50
090 _a1190 BR9700572
100 1 _aAlborello, N.
100 1 _aFigueiredo, S.F.L.
100 1 _aNeves, L. de J.
110 1 _aHerbarium Bradeanum, Rio de Janeiro, RJ (Brasil)
_95525
245 1 _aEstudo in vivo e in vitro de Rollinia Mucosa (Jacq.)baill. visando a investigacao de domacias
260 3 _aRio de Janeiro, RJ (Brasil):
_c1996.
300 _a4 p.
490 _aBradea (Brazil)
_vv. 6(49)
_x
500 _aSummaries (En, Pt); 13 ref.
650 _aBiriba
650 _aDomacia
909 _a202312
_bLúcia Elande
_c55
_dLúcia Elande
942 _2AGRIS
_n0
_cMS
999 _c287834
_d287834